000
00247nam a22001097a 4500
082
_a
670.42 NOR'M
100
_a
NORDHAFF, W. A
_9
78676
245
_a
MACHINE SHOP ESTIMATING
260
_a
NEWYORK
_b
MCGRAW HILL
_c
1947
300
_a
486P
942
_c
BK
999
_c
583780
_d
583780